Aktualizácia k zákonom I/2002 zákon o daniach z príjmov
Salvato in:
| Natura: | Libro |
|---|---|
| Lingua: | slovacco |
| Pubblicazione: |
Žilina
PORADCA, s.r.o.
[2002]
|
| Serie: | Aktualizácia
I/1 |
| Tags: |
Nessun Tag, puoi essere il primo ad aggiungerne!!
|
MARC
| LEADER | 00000nam a2200000 4500 | ||
|---|---|---|---|
| 001 | c131997 | ||
| 005 | 20250619120147.2 | ||
| 022 | |a 1335-6127 | ||
| 041 | 0 | |a slo | |
| 044 | |a SK | ||
| 245 | 1 | 0 | |a Aktualizácia k zákonom I/2002 |b zákon o daniach z príjmov |
| 264 | 1 | |a Žilina |b PORADCA, s.r.o. |c [2002] | |
| 300 | |a 80 s. | ||
| 490 | 1 | |a Aktualizácia |v I/1 | |
| 830 | 0 | |a Aktualizácia |v I/1 | |